200 Zen Stories: (Record no. 206814)

MARC details
000 -LEADER
fixed length control field 00587nam a2200193 4500
005 - DATE AND TIME OF LATEST TRANSACTION
control field 20241028151122.0
010 ## - LCCN (DPL NO)
LC control number ENG-142509
020 ## - INTERNATIONAL STANDARD BOOK NUMBER
Terms of availability 999.00
International Standard Book Number 9789393734877
035 ## - SYSTEM CONTROL NUMBER
System control number EN-126041
037 ## - SOURCE OF ACQUISITION
Source of stock number/acquisition DBAD
082 ## - DEWEY DECIMAL CLASSIFICATION NUMBER
Classification number S
100 ## - MAIN ENTRY--PERSONAL NAME
Personal name Sharmirajan, Sridevi K. J.
245 ## - TITLE STATEMENT
Title 200 Zen Stories:
Remainder of title Cultivating Positivity and Inner Peace/
Statement of responsibility, etc by Sridevi K. J. Sharmirajan
250 ## - EDITION STATEMENT
Edition statement First
260 ## - PUBLICATION, DISTRIBUTION, ETC. (IMPRINT)
Name of publisher, distributor, etc Exceller Books
Place of publication, distribution, etc Kolkata
Date of publication, distribution, etc 2023
270 ## - ADDRESS
Address G1, Dream Apartment, Degree College Road
City Belgharia
Postal code 700056
300 ## - PHYSICAL DESCRIPTION
Extent 581p.
Dimensions 22cm(pb)
942 ## - ADDED ENTRY ELEMENTS (KOHA)
Source of classification or shelving scheme Dewey Decimal Classification
Item type English Books
Classification part S
Call number suffix SHA
Edition 2023
Holdings
Withdrawn status Lost status Not for loan Collection code Home library Current library Date acquired Source of acquisition Cost, normal purchase price Full call number Barcode Copy number Cost, replacement price Koha item type
      Fiction Bawana Bawana 28/10/2024 DBAD 999.00 S SHA EN-126041 1 999.00 English Books

© Delhi Public Library
Hit Counter
free hit counter